[Event "SRB-chW Semifinal 2021"]
[Site "Paracin"]
[Date "2021.03.21"]
[Round "8.15"]
[White "Jurisic, Iskra"]
[Black "Djordjevic, Nevena"]
[Result "0-1"]
[WhiteElo "1713"]
[BlackElo "1999"]
[Annotator "NA"]
[PlyCount "108"]
[EventDate "2021.03.16"]
[EventType "swiss"]
[EventCountry "SRB"]
[SourceTitle "playchess.com"]
[Source "ChessBase"]
[SourceQuality "1"]
[TimeControl "40/5400+30:1800+30"]

1. d4 {[%emt 0:00:00]} Nf6 {[%emt 0:00:00]} 2. Nc3 {[%emt 0:00:14]} d5 {[%emt 0:03:56]} 3. Bf4 {[%emt 0:00:28]} Bf5 {[%emt 0:03:50]} 4. f3 {[%emt 0:01:04]} e6 {[%emt 0:05:24]} 5. g4 {[%emt 0:00:13]} Bg6 {[%emt 0:01:25]} 6. h4 {[%emt 0:00:25]} h5 {[%emt 0:01:25]} 7. g5 {[%emt 0:01:52]} Nfd7 {[%emt 0:15:52]} 8. e3 {[%emt 0:00:54]} Bd6 {[%emt 0:03:27]} 9. Bxd6 {[%emt 0:03:22]} cxd6 {[%emt 0:00:35]} 10. Bd3 {[%emt 0:01:25]} Bxd3 {[%emt 0:03:10]} 11. Qxd3 {[%emt 0:00:20]} g6 {[%emt 0:01:28]} 12. Nge2 {[%emt 0:02:01]} Nc6 {[%emt 0:02:29]} 13. a3 {[%emt 0:02:01]} a6 {[%emt 0:07:58]} 14. Nf4 {[%emt 0:03:13]} Ne7 {[%emt 0:04:07]} 15. e4 {[%emt 0:04:31]} dxe4 {[%emt 0:05:17]} 16. fxe4 {[%emt 0:01:16]} Qc7 {[%emt 0:03:18]} 17. Rf1 {[%emt 0:03:43]} O-O-O {[%emt 0:05:24]} 18. O-O-O {[%emt 0:09:14]} Nb6 {[%emt 0:01:56]} 19. d5 {[%emt 0:02:42]} e5 {[%emt 0:03:08]} 20. Nfe2 {[%emt 0:01:30]} Rhf8 {[%emt 0:01:38]} 21. Kb1 {[%emt 0:00:55]} Kb8 {[%emt 0:01:00]} 22. Nc1 {[%emt 0:01:38]} Nc4 {[%emt 0:04:44]} 23. N3a2 {[%emt 0:02:57]} Rc8 {[%emt 0:05:47]} 24. Rf3 {[%emt 0:01:33]} Ng8 {[%emt 0:04:13]} 25. Rdf1 {[%emt 0:02:17]} Qe7 {[%emt 0:05:05]} 26. Nb3 {[%emt 0:03:14]} f5 {[%emt 0:02:15]} 27. Nc3 {[%emt 0:03:26]} f4 {[%emt 0:00:56]} 28. Nd1 {[%emt 0:01:19]} Qd7 {[%emt 0:01:05]} 29. Rg1 {[%emt 0:00:57]} Ne7 {[%emt 0:00:11]} 30. Nd2 {[%emt 0:01:35]} Nxd2+ {[%emt 0:00:42]} 31. Qxd2 {[%emt 0:00:13]} Rc4 {[%emt 0:01:29]} 32. Qe2 {[%emt 0:03:14]} Rc7 {[%emt 0:01:08]} 33. Rb3 {[%emt 0:00:22]} Ka8 {[%emt 0:00:21]} 34. Qf3 {[%emt 0:01:40]} Nc8 {[%emt 0:00:29]} 35. Nc3 {[%emt 0:01:06]} Rc5 {[%emt 0:00:59]} 36. Rg2 {[%emt 0:01:27]} Ka7 {[%emt 0:00:57]} 37. Ka1 {[%emt 0:02:49]} Nb6 {[%emt 0:00:28]} 38. Kb1 {[%emt 0:01:00]} Nc4 {[%emt 0:00:23]} 39. Nd1 {[%emt 0:00:47]} Rfc8 {[%emt 0:00:23]} 40. Qd3 {[%emt 0:00:00]} Ka8 {[%emt 0:00:00]} 41. Ka1 {[%emt 0:05:36]} Na5 {[%emt 0:07:50]} 42. Rc3 {[%emt 0:01:15]} Rxc3 {[%emt 0:00:13]} 43. Nxc3 {[%emt 0:00:17]} Nc4 {[%emt 0:00:52]} 44. Rg1 {[%emt 0:03:02]} Ne3 {[%emt 0:07:09]} 45. Re1 {[%emt 0:03:04]} Qh3 {[%emt 0:02:09]} 46. Ka2 {[%emt 0:00:07]} Qxh4 {[%emt 0:02:16]} 47. Rxe3 {[%emt 0:00:24]} fxe3 {[%emt 0:00:07]} 48. Qxe3 {[%emt 0:00:03]} Qf4 {[%emt 0:02:19]} 49. Qb6 {[%emt 0:00:26]} Qf8 {[%emt 0:01:42]} 50. Qe3 {[%emt 0:01:01]} Qf1 {[%emt 0:02:04]} 51. Qb6 {[%emt 0:00:36]} Qc4+ {[%emt 0:00:35]} 52. Ka1 {[%emt 0:00:35]} Rf8 {[%emt 0:01:53]} 53. Qxd6 {[%emt 0:02:42]} Rf1+ {[%emt 0:00:06]} 54. Nb1 {[%emt 0:00:03]} Qxc2 {[%emt 0:00:16]} 0-1

[Event "SRB-chW Semifinal 2021"]
[Site "Paracin"]
[Date "2021.03.22"]
[Round "9.11"]
[White "Djordjevic, Nevena"]
[Black "Gajcin, Marina"]
[Result "0-1"]
[WhiteElo "1999"]
[BlackElo "2227"]
[Annotator "TA"]
[PlyCount "98"]
[EventDate "2021.03.16"]
[EventType "swiss"]
[EventCountry "SRB"]
[SourceTitle "playchess.com"]
[Source "ChessBase"]
[SourceQuality "1"]

{[%evp 12,98,0,0,0,-8,-10,-12,-8,0,-10,-18,-18,-49,-50,-46,-43,-61,-58,-64,-61,-129,-112,-115,-106,-97,-40,-176,-199,-196,-197,-194,-200,-210,-205,-204,-185,-218,-185,-241,-237,-251,-259,-280,-245,-464,-236,-1060,-1049,-1152,-1151,-1127,-1127,-1081,-1061,-1681,-1581,-1485,-1407,-1552,-886,-871,-854,-903,-895,-1055,-1163,-1154,-1154,-1070,-1100,-1031,-868,-927,-923,-903,-880,-855,-847,-822,-791,-5589,-5535,-4885,-5143,-29971,-29972,-29958,-5818]} 1. Nf3 g6 2. c4 Bg7 3. Nc3 c5 4. g3 Nc6 5. Bg2 e6 6. d3 Nge7 7. h4 h6 {A37: Symmetrical English vs ...g6: 4 Bg2 Bg7 5 Nf3.} 8. Bf4 d6 9. Qc1 e5 {The position is equal.} 10. Bd2 Be6 11. Rb1 Rc8 {[#]} 12. Nh2 $146 ({Predecessor:} 12. a3 f5 13. b4 cxb4 14. axb4 d5 15. c5 e4 16. Nh2 h5 17. Nb5 O-O 18. Nd6 {1-0 (44) Duda,J (2753)-Dubov,D (2699) chess24.com INT 2020}) 12... d5 13. cxd5 Nxd5 14. Nf1 Nd4 15. Ne3 {[%cal Rg2d5]} Nb4 16. Qd1 (16. h5 $15) 16... O-O 17. O-O b5 18. a3 Bb3 19. Qc1 {Loses the game.} (19. Qe1 $1 $15) 19... Nbc6 $19 20. Qe1 Ne7 21. Rc1 f5 22. f4 exf4 23. gxf4 Bf6 24. Bh3 Nec6 25. Qg3 (25. Ng2 $142) 25... Kh7 26. Ng2 {intending e3.} b4 27. axb4 cxb4 28. h5 $2 (28. Rf2 {was worth a try.}) 28... gxh5 ({Not} 28... bxc3 29. Qxg6+ Kh8 30. Qxh6+ Kg8 31. bxc3 $19) (28... g5 $142 29. Kf2 g4) 29. e3 $2 (29. Qf2) 29... bxc3 30. exd4 Nxd4 {[#] aiming for ...Ne2+.} 31. Qf2 cxd2 32. Rxc8 Qxc8 33. Ne3 d1=Q 34. Nxd1 Rg8+ 35. Kh2 Qc2 36. Qxc2 Bxc2 37. Ne3 Bxd3 38. Rd1 Be4 39. Bg2 Bxg2 40. Nxg2 Rb8 41. Ra1 Nc6 42. Rc1 Ne7 43. Rc7 a6 44. Ra7 Rb6 45. Ne3 Rxb2+ 46. Kg3 h4+ 47. Kf3 h3 {( -> ...h2)} 48. Nxf5 {[#]} h2 $1 49. Ng3 Rb3+ {Weighted Error Value: White=0.67/Black=0.24} 0-1

[Event "SRB-chW Semifinal 2021"]
[Site "Paracin"]
[Date "2021.03.22"]
[Round "9.12"]
[White "Manakova, Maria"]
[Black "Grozdanovic, Anastasia"]
[Result "1-0"]
[WhiteElo "2271"]
[BlackElo "1817"]
[Annotator "TA"]
[PlyCount "67"]
[EventDate "2021.03.16"]
[EventType "swiss"]
[EventCountry "SRB"]
[SourceTitle "playchess.com"]
[Source "ChessBase"]
[SourceQuality "1"]

{[%evp 27,67,22,33,-21,0,9,0,6,27,25,81,19,104,106,106,99,98,91,85,0,0,0,42,41,41,32,13,17,15,15,841,822,29976,29970,29989,29984,29996,29997,29997,29998,29998,29999]} 1. e4 c6 2. d4 d5 3. exd5 cxd5 4. c4 Nf6 5. Nc3 Nc6 6. Nf3 Bg4 7. cxd5 Nxd5 8. Qb3 Bxf3 9. gxf3 e6 10. Qxb7 Nxd4 11. Bb5+ Nxb5 12. Qc6+ Ke7 13. Qxb5 Nxc3 14. bxc3 Qd7 15. Qa6 {B13: Caro-Kann: Exchange Variation and Panov-Botvinnik Attack.} ({Better is} 15. Rb1 $14) 15... f6 16. Rb1 Rc8 $1 {[#]} 17. O-O $146 {The position is equal.} ({Predecessor:} 17. Be3 Rxc3 18. O-O Kf7 19. Rb7 Rc7 20. Rxc7 Qxc7 21. Rb1 Kg6 22. Qxe6 Qe5 23. Qg4+ {1-0 (36) Gorozhankina,J (2140)-Sladkov,A (1885) St Petersburg 2011}) 17... Kf7 18. Be3 Bc5 (18... Rc7 $11) 19. Rfd1 ({White should try} 19. Rb7 $16 Rc7 20. Rxc7 Qxc7 21. Rb1) 19... Qe7 (19... Qc6 $1 $11 20. Rb7+ Kg6 21. Qd3+ f5) 20. Rb7 $16 Rc7 21. Rxc7 Qxc7 22. Bxc5 Qxc5 {[%mdl 4096] Endgame KQR-KQR} 23. Qb7+ (23. Rd7+ $16 Kg6 24. Qxe6 Qg5+ 25. Kh1 Qc1+ 26. Kg2 Qg5+ 27. Kh1 Qc1+ 28. Kg2 Qg5+ 29. Kh1) 23... Kg6 $1 $11 24. Kh1 {[#] Hoping for Rg1+.} Kh6 (24... Rg8 {seems wilder.} 25. Rg1+ Kh6 26. Qe4 g6 27. Qxe6 Qxf2 28. Qxf6 Re8) 25. Rd4 {Rh4+ is the strong threat.} g5 26. h4 Qxc3 27. hxg5+ fxg5 28. Qe4 $36 {[%mdl 2048] White fights for an advantage.} Qa1+ $2 {[%mdl 8192] [#] Loses the game.} (28... Rf8 $11 29. Qxe6+ Kh5 30. Qg4+ Kh6) 29. Kg2 $18 Qxa2 30. Rd7 {White mates.} a5 31. Qe5 Rg8 32. Qf6+ Rg6 33. Qf8+ Kh5 34. Rxh7+ {Weighted Error Value: White=0.20/Black=0.40} 1-0

[Event "SRB-chW Semifinal 2021"]
[Site "Paracin"]
[Date "2021.03.22"]
[Round "9.14"]
[White "Djukic, Sandra"]
[Black "Ostojic, Katarina"]
[Result "1-0"]
[WhiteElo "2137"]
[BlackElo "2013"]
[Annotator "TA"]
[PlyCount "39"]
[EventDate "2021.03.16"]
[EventType "swiss"]
[EventCountry "SRB"]
[SourceTitle "playchess.com"]
[Source "ChessBase"]
[SourceQuality "1"]

{[%evp 16,39,17,20,34,38,52,43,43,47,67,66,77,63,151,143,127,115,216,216,251,224,719,715,817,811]} 1. d4 d5 2. c4 dxc4 3. Nf3 Nf6 4. e3 e6 5. Bxc4 c5 6. O-O a6 7. dxc5 Qxd1 8. Rxd1 Bxc5 9. Nbd2 b5 {D27: Queen's Gambit Accepted: Classical main line: 7 e4!? and 7 a4.} 10. Be2 Nbd7 11. Nb3 Bb6 {White is slightly better.} 12. Bd2 Bb7 {[#]} 13. Bb4 $146 ({Predecessor:} 13. Ba5 Rc8 14. Rac1 O-O 15. Bxb6 Nxb6 16. Rxc8 Rxc8 17. Rc1 Rxc1+ 18. Nxc1 Kf8 19. Kf1 {½-½ (31) Kosic,D (2528)-Petkov,V (2512) Nis 2012}) 13... Bd5 14. Nfd2 Ne4 (14... Bd8 $14) 15. Nxe4 $16 Bxe4 16. Rd6 Bb7 (16... Bd5 $16 {is a better defense.}) 17. Rad1 $18 O-O-O 18. Na5 {[%cal Bb3a5,Ba5b7,Bb7d6][%mdl 32]} Bc7 $2 {[#]} (18... Be4 19. b3 Bc5) 19. Nxb7 Bxd6 20. Nxd6+ {Black got outplayed after the opening.  Weighted Error Value: White=0.05/Black=0.40} 1-0

[Event "SRB-chW Semifinal 2021"]
[Site "Paracin"]
[Date "2021.03.22"]
[Round "9.15"]
[White "Dimitrijevic, Andjela"]
[Black "Srdanovic, Jovana"]
[Result "0-1"]
[WhiteElo "1830"]
[BlackElo "2109"]
[Annotator "TA"]
[PlyCount "108"]
[EventDate "2021.03.16"]
[EventType "swiss"]
[EventCountry "SRB"]
[SourceTitle "playchess.com"]
[Source "ChessBase"]
[SourceQuality "1"]

{[%evp 9,108,27,27,27,25,19,38,23,45,46,44,50,47,27,25,8,14,-3,-14,-39,-31,-41,-23,-38,-37,-27,-43,-46,-7,-12,-20,-13,32,-10,-11,-131,-127,-164,-172,-166,-152,-179,-187,-197,-125,-119,-128,-129,-118,-127,-122,-130,-129,-284,-267,-270,-268,-351,-341,-356,-337,-1073,-1072,-1052,-1050,-1029,-1027,-1039,-1032,-1104,-1102,-1096,-1034,-1106,-1033,-1097,-968,-930,-918,-1097,-1001,-1170,-1182,-1683,-1766,-3091,-2150,-29977,-29976,-29979,-29979,-29979,-29980,-29980,-29981,-29982,-29983,-29989,-29984,-29990,-29991]} 1. e4 c5 2. Nf3 d6 3. c3 Nf6 4. h3 Bd7 5. Bd3 Bc6 6. Qe2 {B50: Sicilian: 2...d6, Miscellaneous.} Nh5 7. g3 g6 8. Bc2 {White is slightly better.} Bg7 9. d4 cxd4 10. cxd4 Qb6 {[#]} 11. Qd1 $146 ({Predecessor:} 11. Nc3 Bxd4 12. Nxd4 Qxd4 13. Bh6 Nd7 14. Bb3 Nhf6 15. O-O Nxe4 16. Rfe1 f5 17. Rad1 {1-0 (26) Perez Mitjans,O (2434)-Palenciano Escolar,A (2120) Collado Villalba 2015}) 11... O-O 12. g4 Nf6 13. d5 Bd7 14. O-O h5 15. Nh2 Na6 16. a3 hxg4 17. hxg4 Rac8 {White must now prevent ...Nxe4!} 18. Nc3 Nh7 19. Rb1 Qc7 20. Bd2 e5 21. Rc1 Qd8 22. b4 (22. Kg2 $11 {remains equal.}) 22... Qh4 $17 23. Qf3 Bh6 $1 {[%cal Rh6d2]} 24. Bxh6 Qxh6 25. Bd3 Ng5 26. Qe3 Kg7 (26... Nh3+ $19 27. Kh1 Nf4) 27. Kg2 Rh8 $36 {[%csl Gh8][%cal Rh6h2][%mdl 2048] Keeping White busy.} 28. Rh1 {Threatens to win with Nf3.} Qh4 {Hoping for ...Nh3.} 29. Qg3 Qxg3+ 30. fxg3 {[#]} Nc7 $1 31. Nd1 $2 {[#] Loses the game.} (31. Nf3 $17 {was worth a try.} Rxh1 32. Rxh1 Nxf3 33. Kxf3) 31... Nb5 $1 $19 32. Rxc8 Rxc8 33. Bxb5 Bxb5 34. Re1 Rc2+ 35. Kh1 $2 {[#]} (35. Nf2) 35... Rxh2+ $1 {[%mdl 576] Remove Defender, Decoy} 36. Kxh2 {[%mdl 4096] Endgame KRN-KBN} Nf3+ {[%mdl 64] Double Attack} 37. Kh1 Nxe1 38. Nc3 Bd3 39. Kg1 Nc2 40. a4 Nxb4 41. Kf2 Bc4 42. Ke3 Nc2+ 43. Kd2 Nd4 44. Ke3 a6 {[%cal Ba7a6,Ba6b5,Bb5b4,Bb4b3,Bb3b2][%mdl 32]} 45. Kd2 b5 46. axb5 axb5 47. Ke3 Kf6 48. Nb1 Kg5 {Black mates.} 49. Nd2 Kxg4 50. Kf2 Be2 51. Nb1 b4 52. Nd2 b3 53. Nb1 b2 54. Nc3 Bd3 {Weighted Error Value: White=0.41/Black=0.12} 0-1